Extremadura. (Record no. 134945)

MARC details
000 -LEADER
campo de control de longitud fija 00936nam a2200253 i 4500
001 - NÚMERO DE CONTROL
campo de control 134945
003 - IDENTIFICADOR DE NÚMERO DE CONTROL
campo de control ES-MaACL
005 - FECHA Y HORA DE LA ÚLTIMA TRANSACCIÓN
campo de control 20250817062557.0
007 - CAMPO FIJO DE DESCRIPCIÓN FÍSICA--INFORMACIÓN GENERAL
campo de control de longitud fija t|
008 - DATOS DE LONGITUD FIJA--INFORMACIÓN GENERAL
campo de control de longitud fija 070704s1983 sp ||||1| spa d
080 ## - NÚMERO DE LA CLASIFICACIÓN DECIMAL UNIVERSAL
Número de la Clasificación Decimal Universal 908(462.2)
245 00 - MENCIÓN DEL TÍTULO
Título Extremadura.
260 ## - PUBLICACIÓN, DISTRIBUCIÓN, ETC.
Lugar de publicación, distribución, etc. [Madrid] :
Nombre del editor, distribuidor, etc. Fundación Juan March,
Fecha de publicación, distribución, etc. [1983]
300 ## - DESCRIPCIÓN FÍSICA
Extensión 370 p. :
Otras características físicas il. ;
Dimensiones 30 cm.
505 8# - NOTA DE CONTENIDO CON FORMATO
Nota de contenido con formato Contiene: p. 11.--Introducción Geográfica / Angel Cabo Alonso. p. 49.--Introducción histórica / Julio González. p. 93.--Introducción literaria / Cristóbal Cuevas García. p. 133.--Arte / Julián Alvarez Villar
651 ## - PUNTO DE ACCESO ADICIONAL DE MATERIA--NOMBRE GEOGRÁFICO
Nombre geográfico Extremadura-
Subdivisión general Descripción.
9 (RLIN) 8644
700 1# - ENTRADA AGREGADA--NOMBRE PERSONAL
Nombre de persona Cabo Alonso, Angel.
9 (RLIN) 33233
700 1# - ENTRADA AGREGADA--NOMBRE PERSONAL
Nombre de persona González, Julio.
9 (RLIN) 58346
700 0# - ENTRADA AGREGADA--NOMBRE PERSONAL
Nombre de persona Cuevas García, Cristóbal,
Fechas asociadas al nombre 1933-2013
9 (RLIN) 42107
700 1# - ENTRADA AGREGADA--NOMBRE PERSONAL
Nombre de persona Alvarez Villar, Julián.
9 (RLIN) 20999
710 2# - ENTRADA AGREGADA--NOMBRE DE ENTIDAD CORPORATIVA
Nombre de entidad corporativa o nombre de jurisdicción como elemento de entrada Fundación Juan March
9 (RLIN) 4346
852 ## - LOCALIZACIÓN
Ubicación ES-MaACL
Número de control de estantería L-6322
Holdings
Estatus retirado Estado de pérdida Estado de daño No para préstamo Biblioteca de origen Biblioteca actual Ubicación en estantería Fecha de adquisición Fuente de adquisición Total de préstamos Signatura topográfica completa Código de barras Visto por última vez Precio de reemplazo Tipo de ítem Koha
        Biblioteca del Ateneo de Madrid Biblioteca del Ateneo de Madrid Depósito 2 17/01/2008     L-6322 1140460 23/02/2023 23/02/2023 Libro impreso